| 000 | 00878nam a2200229Ii 4500 | ||
|---|---|---|---|
| 003 | JO-AjNU | ||
| 008 | 230605s9999||||xx |||||||||||||| ||und|| | ||
| 017 | _a1993/5753 | ||
| 040 |
_aJO-AjNU _bara _erda _cJO-AjNU |
||
| 041 | _aara | ||
| 050 | 1 | 4 | _aBP80.U5.B27.1993 |
| 100 | 3 |
_aبسيوني،كمال, _eauthor _920721 |
|
| 245 | 0 | 0 | _aقائد الفكر الإسلامي عمر بن الخطاب، ج1 |
| 250 | _aط1 | ||
| 264 | 3 | 1 | _aالقاهرة:مكتبة النهضة المصرية ،1993 |
| 300 |
_aج1، 158ص _bالجزء الاول شخصية عمر وفكره |
||
| 336 |
_atext _btxt _2rdacontent |
||
| 337 |
_aunmediated _bn _2rdamedia |
||
| 338 |
_avolume _bnc _2rdacarrier |
||
| 490 | 0 | _aسلسلة مكتبة الدراسات الاسلامية | |
| 650 | 4 |
_aالخلفاء الراشدون-الصحابة والتابعون-عمر بن الخطاب _920722 |
|
| 999 |
_aA7076 _c10644 _d10644 |
||